| 000 | 00447nam a22001817a 4500 | ||
|---|---|---|---|
| 005 | 20240902132754.0 | ||
| 008 | 240902b |||||||| |||| 00| 0 eng d | ||
| 020 | _a978-93-88902-71-7 | ||
| 041 | _aeng | ||
| 082 | _a612 CHA | ||
| 100 |
_aCHATTERJEE, C.C _98510 |
||
| 245 | _a HUMAN PHYSIOLOGY [VOL-1] | ||
| 250 | _a13TH .ED. 2020 | ||
| 260 |
_aNEW DELHI _bC.B.S PUBLISHER'S PVT.LTD |
||
| 300 | _a588;P | ||
| 650 |
_aBMLT _98487 |
||
| 942 | _cBK | ||
| 999 |
_c8620 _d8618 |
||